Βιβλιοθήκη Γενικής Γραμματείας Επικοινωνίας & Ενημέρωσης

Εθνική [εφημερίδα] | καθημερινή πολιτική εφημερίδα της Λευκωσίας, Κύπρου (Record no. 6292)

MARC details
000 -ΕΤΙΚΕΤΑ ΕΓΓΡΑΦΗΣ (LEADER)
Σταθερού μήκους πεδίο ελέγχου 01043nas a2200277 4500
003 - PERSISTENT ΑΝΑΓΝΩΡΙΣΤΙΚΟ ΕΓΓΡΑΦΗΣ
Πεδίο ελέγχου GR-kaGGEEl
005 - ΤΑΥΤΟΤΗΤΑ ΕΚΔΟΧΗΣ
Πεδίο ελέγχου 20220622205358.0
035 ## - ΑΡΙΘΜΟΙ ΕΛΕΓΧΟΥ ΑΛΛΩΝ ΣΥΣΤΗΜΑΤΩΝ
Αριθμός ελέγχου συστήματος 8996
100 ## - ΓΕΝΙΚΑ ΔΕΔΟΜΕΝΑ ΕΠΕΞΕΡΓΑΣΙΑΣ
Γενικά δεδομένα επεξεργασίας 20100513b19591975k y0grey50 ga
101 0# - ΓΛΩΣΣΑ ΤΟΥ ΠΟΡΟΥ
Γλώσσα κειμένου, soundtrack, κλπ. Ελληνική γλώσσα (1453-)
102 ## - ΧΩΡΑ ΔΗΜΟΣΙΕΥΣΗΣ Ή ΠΑΡΑΓΩΓΗΣ
Χώρα δημοσίευσης Κύπρος
106 ## - ΠΕΔΙΟ ΚΩΔΙΚΟΠΟΙΗΜΕΝΩΝ ΔΕΔΟΜΕΝΩΝ: ΥΛΙΚΟ ΜΕ ΚΕΙΜΕΝΟ - ΜΟΡΦΗ
Textual Material Coded Data Physical Medium Designator e
110 ## - ΠΕΔΙΟ ΚΩΔΙΚΟΠΟΙΗΜΕΝΩΝ ΔΕΔΟΜΕΝΩΝ: ΠΕΡΙΟΔΙΚΑ ΔΗΜΟΣΙΕΥΜΑΤΑ
Κωδικοποιημένα δεδομένα περιοδικού δημοσιεύματος c||| 0|||
200 1# - ΤΙΤΛΟΣ ΚΑΙ ΔΗΛΩΣΗ ΠΝΕΥΜΑΤΙΚΗΣ ΥΠΕΥΘΥΝΟΤΗΤΑΣ
Κύριος Τίτλος Εθνική [εφημερίδα]
Υπότιτλος καθημερινή πολιτική εφημερίδα της Λευκωσίας, Κύπρου
207 #0 - ΠΕΡΙΟΔΙΚΑ ΔΗΜΟΣΙΕΥΜΑΤΑ – ΑΡΙΘΜΗΣΗ
Αρίθμηση: Χρονολογίες και προσδιορισμός τόμων 25 Φεβρ.1959 - Σεπτ.1968 & 7 Μαρτ.1973 - 23 Φεβρ.1975
210 ## - ΔΗΜΟΣΙΕΥΣΗ, ΔΙΑΘΕΣΗ κ.λ.π.
Τόπος δημοσίευσης, διάθεσης, κλπ. Λευκωσία
Ημερομηνία δημοσίευσης, διάθεσης κλπ. 1959 - 1975
310 ## - ΣΗΜΕΙΩΣΕΙΣ ΣΧΕΤΙΚΕΣ ΜΕ ΤΗ ΒΙΒΛΙΟΓΡΑΦΙΑ ΚΑΙ ΤΗ ΔΙΑΘΕΣΙΜΟΤΗΤΑ
Κείμενο της σημείωσης Η βιβλιοθήκη διαθέτει τα εξής: 1961 - 1962, 1973 (Οκτ.-Δεκ.), 1974 (Μαρτ.-Ιουν.)
310 ## - ΣΗΜΕΙΩΣΕΙΣ ΣΧΕΤΙΚΕΣ ΜΕ ΤΗ ΒΙΒΛΙΟΓΡΑΦΙΑ ΚΑΙ ΤΗ ΔΙΑΘΕΣΙΜΟΤΗΤΑ
Κείμενο της σημείωσης Η εφημερίδα είναι δεμένη σε 5 τόμους μεγάλου μεγέθους.
606 1# - ΘΕΜΑΤΙΚΟ ΣΗΜΕΙΟ ΠΡΟΣΒΑΣΗΣ - ΘΕΜΑΤΙΚΟ ΟΝΟΜΑ
Στοιχείο αναγραφής Τύπος, Κυπριακός
Εσωτερικός κωδικός Koha 23970
607 ## - ΘΕΜΑΤΙΚΟ ΣΗΜΕΙΟ ΠΡΟΣΒΑΣΗΣ - ΓΕΩΓΡΑΦΙΚΟ ΟΝΟΜΑ
Στοιχείο αναγραφής Κύπρος
Θεματική υποδιαίρεση Εφημερίδες
Εσωτερικός κωδικός Koha 16682
676 ## - ΔΕΚΑΔΙΚΗ ΤΑΞΙΝΟΜΗΣΗ DEWEY (DDC)
Αριθμός 079.5645
942 ## - ADDED ENTRY ELEMENTS (KOHA)
Τύπος αντιτύπου Koha Continuing Resources

No items available.